| 000 | 00761nam a22002297a 4500 | ||
|---|---|---|---|
| 005 | 20150828142844.0 | ||
| 008 | 130724b gt ||||| |||| 00| 0 spa d | ||
| 040 |
_aCO-BoIAVH _cCO-BoIAVH |
||
| 041 | 0 | _aspa | |
| 044 | _agt | ||
| 082 | 0 | 4 |
_a709.7281 _bS57v |
| 245 | _aViaje por las áreas protegidas de Guatemala | ||
| 260 |
_aGuatemala _bConsejo Nacional de Áreas protegidas CONAP _c2010 |
||
| 300 |
_a132 p. _bilustraciones _c22 cm. |
||
| 500 | _aGuía de turismo Guatemala. | ||
| 504 | _aIncluye referencias bibliográficas. | ||
| 650 | 4 |
_aGuatemala _xGuías |
|
| 650 | 4 |
_aGuatemala _xTurismo ecológico |
|
| 650 | 6 |
_aÁreas protegidas _zGuatemala |
|
| 710 | _aConsejo Nacional de Áreas protegidas CONAP | ||
| 942 |
_2ddc _cLIBRO |
||
| 999 |
_c7461 _d7461 |
||